[Event "LTU-chT"]
[Site "Lithuania"]
[Date "2022.03.19"]
[Round "5.3"]
[White "Salna, Aleksandras"]
[Black "Klimciauskas, Domantas"]
[Result "1-0"]
[WhiteElo "2215"]
[BlackElo "2150"]
[PlyCount "95"]
[EventDate "2022.03.11"]
[EventType "team-swiss"]
[EventRounds "7"]
[EventCountry "LTU"]
[SourceTitle "CBM 207 Extra"]
[Source "ChessBase"]
[SourceDate "2022.05.31"]
[SourceVersion "1"]
[SourceVersionDate "2022.05.31"]
[SourceQuality "1"]
[WhiteTeam "Vilnius Melyna"]
[BlackTeam "Kaunas Gambiteriai"]
[WhiteTeamCountry "LTU"]
[BlackTeamCountry "LTU"]

1. d4 g6 2. c4 Bg7 3. Nf3 d6 4. Nc3 e5 5. dxe5 dxe5 6. Qxd8+ Kxd8 7. g3 c6 8. Bg2 f6 9. 0-0 Be6 10. Rd1+ Nd7 11. b4 Kc7 12. b5 Nh6 13. Nd2 Nf5 14. bxc6 bxc6 15. Nb3 Rad8 16. Na5 Nb8 17. Ba3 Rxd1+ 18. Rxd1 Bf8 19. Bxf8 Rxf8 20. Rb1 Bc8 21. Ne4 Nd4 22. e3 Ne6 23. Nc3 Ba6 24. a3 Nc5 25. f4 Rd8 26. fxe5 fxe5 27. Ne4 Nxe4 28. Bxe4 Rf8 29. Kg2 Rf6 30. g4 h6 31. h4 g5 32. hxg5 hxg5 33. Bf5 Rd6 34. Kf3 Rd2 35. Ke4 Rc2 36. Kxe5 Rc3 37. Rb3 Rxb3 38. Nxb3 Bxc4 39. Nc5 Kb6 40. Kd6 Na6 41. Nxa6 Bxa6 42. a4 Ka5 43. e4 Bd3 44. Kc5 Kxa4 45. e5 Bxf5 46. gxf5 g4 47. Kd4 c5+ 48. Ke4 1-0

[Event "Titled Tuesday intern op 18th Jan"]
[Site "Chess.com INT"]
[Date "2022.01.18"]
[Round "6"]
[White "Roman, Rodrigo"]
[Black "Klimciauskas, Domantas"]
[Result "0-1"]
[WhiteElo "2078"]
[BlackElo "2150"]
[PlyCount "114"]
[EventDate "2022.01.18"]
[EventType "swiss (blitz)"]
[EventRounds "11"]
[EventCountry "USA"]
[SourceTitle "CBM 206 Extra"]
[Source "ChessBase"]
[SourceDate "2022.03.31"]
[SourceVersion "1"]
[SourceVersionDate "2022.03.31"]
[SourceQuality "1"]

1. e4 g6 2. Nf3 Bg7 3. d4 c6 4. Bd3 d5 5. 0-0 dxe4 6. Bxe4 Nf6 7. Bd3 0-0 8. c4 Bg4 9. Be3 Nbd7 10. Be2 Bxf3 11. Bxf3 e5 12. Nc3 exd4 13. Bxd4 Qc7 14. Qb3 Rad8 15. Rad1 Rfe8 16. Qa4 a6 17. c5 Ne5 18. Bxe5 Qxe5 19. Rxd8 Rxd8 20. Qb4 Rd7 21. h3 Bf8 22. Na4 Rd4 23. Qb3 Qf4 24. Nc3 Rb4 25. Qc2 Bxc5 26. Rd1 Bd6 27. Rd3 Kg7 28. g3 Qe5 29. Kg2 h5 30. a3 Rb6 31. Re3 Qg5 32. h4 Qc5 33. b4 Qd4 34. Rd3 Qe5 35. Re3 Qd4 36. Na4 Rb5 37. Rd3 Qe5 38. Re3 Qa1 39. Be2 Re5 40. Rxe5 Qxe5 41. Nc5 Bxc5 42. bxc5 Ne4 43. Bf3 Nxc5 44. Qb1 b5 45. Qb4 Qd6 46. Qa5 Kg8 47. Qb6 Kg7 48. Bxc6 Na4 49. Qxa6 Nc3 50. Bxb5 Qd5+ 51. f3 Qxb5 52. Kf2 Qxa6 53. a4 Qe2+ 54. Kg1 Nd1 55. g4 Qf2+ 56. Kh1 Ne3 57. gxh5 Qg2# 0-1

[Event "Titled Tuesday intern op 04th Jan"]
[Site "Chess.com INT"]
[Date "2022.01.04"]
[Round "4"]
[White "Grinev, Valeriy"]
[Black "Klimciauskas, Domantas"]
[Result "1-0"]
[WhiteElo "2425"]
[BlackElo "2150"]
[PlyCount "77"]
[EventDate "2022.01.04"]
[EventType "swiss (blitz)"]
[EventRounds "11"]
[EventCountry "USA"]
[SourceTitle "EXT 2023"]
[Source "ChessBase"]
[SourceDate "2022.10.05"]
[SourceVersion "1"]
[SourceVersionDate "2022.10.05"]
[SourceQuality "1"]

1. d4 g6 2. e4 Bg7 3. c4 d6 4. Nc3 e5 5. Nge2 Nc6 6. d5 Nd4 7. Be3 Nxe2 8. Bxe2 Nf6 9. c5 0-0 10. 0-0 h5 11. f3 Bd7 12. Qb3 b6 13. c6 Be8 14. a4 a5 15. Qc4 Nh7 16. b4 f5 17. Nb5 g5 18. bxa5 Rxa5 19. Bd2 Ra8 20. a5 bxa5 21. Rxa5 Rxa5 22. Bxa5 Rf7 23. Qb4 fxe4 24. fxe4 Nf6 25. Nxc7 Rxc7 26. Qb6 Nxe4 27. Qxc7 Qa8 28. Qd8 Qxd8 29. Bxd8 Nc3 30. Ba6 e4 31. c7 Bd4+ 32. Kh1 Bd7 33. c8Q Bxc8 34. Bxc8 e3 35. Ba5 e2 36. Re1 Bf2 37. Bxc3 Bxe1 38. Bxe1 Kg7 39. Ba6 1-0

[Event "Titled Tuesday intern op 04th Jan"]
[Site "Chess.com INT"]
[Date "2022.01.04"]
[Round "6"]
[White "Klimciauskas, Domantas"]
[Black "Broca Jimenez, Fernando"]
[Result "1-0"]
[WhiteElo "2150"]
[BlackElo "2075"]
[PlyCount "107"]
[EventDate "2022.01.04"]
[EventType "swiss (blitz)"]
[EventRounds "11"]
[EventCountry "USA"]
[SourceTitle "EXT 2023"]
[Source "ChessBase"]
[SourceDate "2022.10.05"]
[SourceVersion "1"]
[SourceVersionDate "2022.10.05"]
[SourceQuality "1"]

1. d4 Nf6 2. Nf3 e6 3. g3 d5 4. Bg2 c5 5. 0-0 Nc6 6. c4 cxd4 7. Nxd4 Bc5 8. Nb3 Bb6 9. Nc3 dxc4 10. Qxd8+ Bxd8 11. Nd2 Nd4 12. Nxc4 0-0 13. Rd1 Nc2 14. Rb1 Nb4 15. Bf4 Be7 16. Bd6 Bxd6 17. Rxd6 Rb8 18. Rbd1 b6 19. a3 Nbd5 20. Nxd5 Nxd5 21. Bxd5 exd5 22. R1xd5 Be6 23. Rd4 Rbc8 24. Ne3 g6 25. f3 Kg7 26. Kf2 Rc5 27. Rd8 Rxd8 28. Rxd8 Rb5 29. Rd2 Rc5 30. Rc2 Kf6 31. Rxc5 bxc5 32. Nd1 Ke5 33. Ke3 Kd6 34. Nc3 a6 35. Ne4+ Kc6 36. Ng5 h6 37. Nxe6 fxe6 38. Kd3 Kd5 39. e4+ Kd6 40. Kc4 e5 41. h4 g5 42. hxg5 hxg5 43. Kd3 Kc6 44. a4 Kb6 45. Kc4 Kc6 46. b3 Kd6 47. Kd3 Kc6 48. Ke3 Kd6 49. f4 exf4+ 50. gxf4 gxf4+ 51. Kxf4 Ke6 52. e5 a5 53. Ke4 c4 54. bxc4 1-0

[Event "Titled Tuesday intern op 04th Jan"]
[Site "Chess.com INT"]
[Date "2022.01.04"]
[Round "2"]
[White "Klimciauskas, Domantas"]
[Black "Musat, Adrian"]
[Result "1-0"]
[WhiteElo "2150"]
[BlackElo "2378"]
[PlyCount "65"]
[EventDate "2022.01.04"]
[EventType "swiss (blitz)"]
[EventRounds "11"]
[EventCountry "USA"]
[SourceTitle "EXT 2023"]
[Source "ChessBase"]
[SourceDate "2022.10.05"]
[SourceVersion "1"]
[SourceVersionDate "2022.10.05"]
[SourceQuality "1"]

1. d4 Nf6 2. Nf3 g6 3. g3 Bg7 4. Bg2 0-0 5. 0-0 d5 6. c4 c6 7. b3 b5 8. cxb5 cxb5 9. Ne5 Ng4 10. Bb2 Nxe5 11. dxe5 Bb7 12. Nd2 Nd7 13. Nf3 Qb8 14. Qd4 Rc8 15. Rfc1 e6 16. h4 a5 17. h5 f6 18. exf6 Bxf6 19. Qd2 Ne5 20. Nd4 Kf7 21. Bh3 Re8 22. Nxb5 Bc6 23. Nd4 Bd7 24. Qf4 g5 25. Qe3 h6 26. Rc2 Qa7 27. Rac1 g4 28. Rc7 Qb8 29. Bxg4 Nxg4 30. Rxd7+ Re7 31. Rxe7+ Bxe7 32. Qxe6+ Kf8 33. Qxg4 1-0

[Event "Titled Tuesday intern op 04th Jan"]
[Site "Chess.com INT"]
[Date "2022.01.04"]
[Round "9"]
[White "Mikhnenko, Alexander"]
[Black "Klimciauskas, Domantas"]
[Result "0-1"]
[WhiteElo "2095"]
[BlackElo "2150"]
[PlyCount "54"]
[EventDate "2022.01.04"]
[EventType "swiss (blitz)"]
[EventRounds "11"]
[EventCountry "USA"]
[SourceTitle "EXT 2023"]
[Source "ChessBase"]
[SourceDate "2022.10.05"]
[SourceVersion "1"]
[SourceVersionDate "2022.10.05"]
[SourceQuality "1"]

1. e4 g6 2. d4 Bg7 3. Nc3 d5 4. e5 c5 5. dxc5 e6 6. Nf3 Nc6 7. Be3 Nge7 8. Bb5 0-0 9. Bxc6 Nxc6 10. Qd2 Nxe5 11. Nxe5 Bxe5 12. 0-0-0 b6 13. c6 Qf6 14. Bg5 Qh8 15. h4 h5 16. g4 Ba6 17. f4 Bxc3 18. Qxc3 Qxc3 19. bxc3 Be2 20. Rd4 Bxg4 21. Bf6 Rac8 22. c4 Rxc6 23. cxd5 exd5 24. Bg5 Bf5 25. Rh2 f6 26. Bh6 Rfc8 27. Rxd5 Kh7 0-1

[Event "Titled Tuesday intern op 04th Jan"]
[Site "Chess.com INT"]
[Date "2022.01.04"]
[Round "1"]
[White "Sipila, Vilka"]
[Black "Klimciauskas, Domantas"]
[Result "1-0"]
[WhiteElo "2409"]
[BlackElo "2150"]
[PlyCount "91"]
[EventDate "2022.01.04"]
[EventType "swiss (blitz)"]
[EventRounds "11"]
[EventCountry "USA"]
[SourceTitle "EXT 2023"]
[Source "ChessBase"]
[SourceDate "2022.10.05"]
[SourceVersion "1"]
[SourceVersionDate "2022.10.05"]
[SourceQuality "1"]

1. e4 g6 2. d4 Bg7 3. Nc3 d5 4. exd5 Nf6 5. Bc4 Nbd7 6. Bb3 Nb6 7. Qf3 Bg4 8. Qf4 Bf5 9. Qf3 Bg4 10. Qd3 Bf5 11. Qb5+ Bd7 12. Qa5 c6 13. Nf3 Nbxd5 14. Qxd8+ Rxd8 15. Nxd5 Nxd5 16. h3 0-0 17. 0-0 Bf6 18. Re1 Bf5 19. c3 b5 20. g4 Bd3 21. g5 Bg7 22. Bxd5 cxd5 23. Rxe7 a5 24. Bf4 a4 25. Be5 Rc8 26. a3 Rfe8 27. Bf6 Bf8 28. Re5 Be4 29. Re1 Bd6 30. Rxe8+ Rxe8 31. Nd2 Kf8 32. f3 Bf4 33. Nf1 h6 34. fxe4 hxg5 35. e5 Re6 36. Kf2 Rc6 37. Kf3 Ke8 38. Kg4 Kd7 39. Bxg5 Bxg5 40. Kxg5 Ke6 41. Ne3 Rc8 42. Rf1 Rh8 43. Rf6+ Ke7 44. h4 Rh5+ 45. Kg4 Rh7 46. Nxd5+ 1-0

[Event "Titled Tuesday intern op 21st Dec"]
[Site "Chess.com INT"]
[Date "2021.12.21"]
[Round "8"]
[White "Aradhya, Garg"]
[Black "Klimciauskas, Domantas"]
[Result "1-0"]
[WhiteElo "2236"]
[BlackElo "2150"]
[PlyCount "45"]
[EventDate "2021.12.21"]
[EventType "swiss (blitz)"]
[EventRounds "11"]
[EventCountry "USA"]
[SourceTitle "CBM 205 Extra"]
[Source "ChessBase"]
[SourceDate "2022.01.31"]
[SourceVersion "1"]
[SourceVersionDate "2022.01.31"]
[SourceQuality "1"]

1. d4 g6 2. c4 Bg7 3. Nf3 d6 4. Nc3 e5 5. dxe5 dxe5 6. Qxd8+ Kxd8 7. Be3 Be6 8. 0-0-0+ Kc8 9. Ng5 Bxc4 10. b3 Be6 11. Nce4 Nh6 12. Nxe6 fxe6 13. g4 Nxg4 14. Bh3 h5 15. f3 Nc6 16. fxg4 Nd4 17. Bxd4 exd4 18. gxh5 Rxh5 19. Bxe6+ Kd8 20. Rhg1 Ke7 21. Rxg6 Be5 22. Bg4 Rxh2 23. Re6+ 1-0

[Event "Titled Tuesday intern op 21st Dec"]
[Site "Chess.com INT"]
[Date "2021.12.21"]
[Round "5"]
[White "Romanchuk, Viktor"]
[Black "Klimciauskas, Domantas"]
[Result "0-1"]
[WhiteElo "2266"]
[BlackElo "2150"]
[PlyCount "96"]
[EventDate "2021.12.21"]
[EventType "swiss (blitz)"]
[EventRounds "11"]
[EventCountry "USA"]
[SourceTitle "CBM 205 Extra"]
[Source "ChessBase"]
[SourceDate "2022.01.31"]
[SourceVersion "1"]
[SourceVersionDate "2022.01.31"]
[SourceQuality "1"]

1. d4 g6 2. c4 Bg7 3. Nf3 d6 4. g3 Nd7 5. Bg2 e5 6. Nc3 Ne7 7. 0-0 0-0 8. e4 exd4 9. Nxd4 a5 10. h3 Nc5 11. Be3 Bd7 12. Ndb5 Nc6 13. Qc2 Nb4 14. Qe2 Bc6 15. Rad1 Qc8 16. a3 Nba6 17. Nd5 Re8 18. b4 axb4 19. axb4 Nxe4 20. Na7 Rxa7 21. Bxa7 Bxd5 22. cxd5 Nxg3 23. Qb5 Nxf1 24. Rxf1 b6 25. Rc1 Bb2 26. Rb1 Bd4 27. Bf1 Nb8 28. Rc1 Nd7 29. Qc6 Ne5 30. Qxc7 Nf3+ 31. Kh1 Qxc7 32. Rxc7 Re1 33. Kg2 Nh4+ 34. Kg3 Nf5+ 35. Kg2 Nh4+ 36. Kg3 Rxf1 37. Kxh4 Bxf2+ 38. Kg4 Be3 39. Rc6 h5+ 40. Kg3 g5 41. Rxd6 Bf4+ 42. Kg2 Ra1 43. Rd8+ Kg7 44. Bxb6 Ra2+ 45. Kf3 Be5 46. Ke4 Bf6 47. Bd4 Re2+ 48. Kd3 Rh2 0-1

[Event "Titled Tuesday intern op 14th Dec"]
[Site "Chess.com INT"]
[Date "2021.12.14"]
[Round "1"]
[White "Klimciauskas, Domantas"]
[Black "Madaminov, Mukhiddin"]
[Result "0-1"]
[WhiteElo "2150"]
[BlackElo "2328"]
[PlyCount "60"]
[EventDate "2021.12.14"]
[EventType "swiss (blitz)"]
[EventRounds "11"]
[EventCountry "USA"]
[SourceTitle "EXT 2023"]
[Source "ChessBase"]
[SourceDate "2022.10.05"]
[SourceVersion "1"]
[SourceVersionDate "2022.10.05"]
[SourceQuality "1"]

1. d4 e6 2. Nf3 Nf6 3. g3 c5 4. Bg2 cxd4 5. Nxd4 d5 6. 0-0 e5 7. Nb3 Be6 8. c4 Nc6 9. cxd5 Nxd5 10. Bd2 a5 11. Nc3 a4 12. Nc1 a3 13. bxa3 Rxa3 14. Nb5 Ra8 15. Nd3 Nc7 16. a4 Be7 17. Qc2 Nxb5 18. axb5 Nd4 19. Qb2 Rxa1 20. Rxa1 Nxe2+ 21. Kh1 Qxd3 22. Ra8+ Bd8 23. Rxd8+ Kxd8 24. Bxb7 Qd5+ 25. f3 Qxb7 26. Ba5+ Ke7 27. Qxe2 f6 28. b6 Rc8 29. Kg1 Rc4 30. Qd3 h5 0-1

[Event "Titled Tuesday intern op 14th Dec"]
[Site "Chess.com INT"]
[Date "2021.12.14"]
[Round "6"]
[White "Klimciauskas, Domantas"]
[Black "Perske, Thore"]
[Result "1/2-1/2"]
[WhiteElo "2150"]
[BlackElo "2455"]
[PlyCount "110"]
[EventDate "2021.12.14"]
[EventType "swiss (blitz)"]
[EventRounds "11"]
[EventCountry "USA"]
[SourceTitle "EXT 2023"]
[Source "ChessBase"]
[SourceDate "2022.10.05"]
[SourceVersion "1"]
[SourceVersionDate "2022.10.05"]
[SourceQuality "1"]

1. d4 Nf6 2. Nf3 g6 3. g3 Bg7 4. Bg2 0-0 5. 0-0 d6 6. b3 e5 7. dxe5 dxe5 8. Bb2 e4 9. Ng5 Qxd1 10. Rxd1 Re8 11. Na3 a6 12. Nc4 b5 13. Na5 Nbd7 14. Rd2 h6 15. Nh3 g5 16. Rad1 Nf8 17. f4 g4 18. Nf2 h5 19. Bxf6 Bxf6 20. Nxe4 Bg7 21. Ng5 Rb8 22. Nc6 Rb6 23. Rd8 Rxd8 24. Rxd8 Be6 25. f5 Bf6 26. fxe6 Bxd8 27. exf7+ Kg7 28. Nxd8 Rd6 29. Nc6 Rd1+ 30. Kf2 Kf6 31. h4 gxh3 32. Nxh3 Kxf7 33. Nf4 Rd2 34. Be4 Ne6 35. Bd5 Kf6 36. Bxe6 Rxc2 37. a4 Rxc6 38. axb5 axb5 39. Bd5 Rc3 40. Nxh5+ Ke5 41. Nf4 c5 42. e3 Rc2+ 43. Kf3 c4 44. bxc4 bxc4 45. g4 c3 46. g5 Rd2 47. g6 c2 48. Ne2 Rxe2 49. Kxe2 c1Q 50. g7 Qc2+ 51. Ke1 Qb1+ 52. Kf2 Qc2+ 53. Ke1 Qb1+ 54. Kf2 Qf5+ 55. Ke1 Qb1+ 1/2-1/2

[Event "Titled Tuesday intern op 30th Nov"]
[Site "Chess.com INT"]
[Date "2021.11.30"]
[Round "6"]
[White "Iskusnyh, Sergei"]
[Black "Klimciauskas, Domantas"]
[Result "1-0"]
[WhiteElo "2473"]
[BlackElo "2150"]
[PlyCount "69"]
[EventDate "2021.11.30"]
[EventType "swiss (blitz)"]
[EventRounds "11"]
[EventCountry "USA"]
[SourceTitle "CBM 205 Extra"]
[Source "ChessBase"]
[SourceDate "2022.01.31"]
[SourceVersion "1"]
[SourceVersionDate "2022.01.31"]
[SourceQuality "1"]

1. d4 g6 2. c4 Bg7 3. Nf3 d6 4. g3 Bg4 5. Bg2 Nf6 6. Nc3 0-0 7. 0-0 Qc8 8. Re1 Bh3 9. Bh1 Nc6 10. d5 Ne5 11. Nxe5 dxe5 12. e4 Ne8 13. Be3 f5 14. exf5 gxf5 15. f4 e4 16. Bd4 c5 17. Bxg7 Nxg7 18. Qd2 Rf6 19. Nd1 Qc7 20. Ne3 h5 21. Bg2 Bxg2 22. Nxg2 Rd8 23. Qc3 b5 24. b3 b4 25. Qe5 Qd6 26. a3 Rb8 27. axb4 Rxb4 28. Rxa7 Rxb3 29. Rxe7 Qa6 30. Ne3 Rd3 31. Rxg7+ Kxg7 32. Nxf5+ Kf7 33. Qe7+ Kg6 34. Qg7+ Kxf5 35. Qg5# 1-0

[Event "Titled Tuesday intern op 30th Nov"]
[Site "Chess.com INT"]
[Date "2021.11.30"]
[Round "9"]
[White "Klimciauskas, Domantas"]
[Black "Dahlgren, James Allen"]
[Result "0-1"]
[WhiteElo "2150"]
[BlackElo "1845"]
[PlyCount "72"]
[EventDate "2021.11.30"]
[EventType "swiss (blitz)"]
[EventRounds "11"]
[EventCountry "USA"]
[SourceTitle "CBM 205 Extra"]
[Source "ChessBase"]
[SourceDate "2022.01.31"]
[SourceVersion "1"]
[SourceVersionDate "2022.01.31"]
[SourceQuality "1"]

1. d4 e6 2. Nf3 c5 3. g3 cxd4 4. Nxd4 Nf6 5. Bg2 Nc6 6. 0-0 d5 7. c4 Be7 8. Nc3 0-0 9. a3 h6 10. b3 Nxd4 11. Qxd4 dxc4 12. Qxc4 a6 13. Rd1 Qb6 14. Be3 Qa5 15. b4 Qh5 16. Bf3 Qg6 17. Qd3 Qxd3 18. Rxd3 e5 19. Nd5 Nxd5 20. Bxd5 Bf5 21. Rc3 Rac8 22. Rxc8 Bxc8 23. Rc1 Rd8 24. Bb6 Rxd5 25. Rxc8+ Kh7 26. Rc7 Bd8 27. Rxb7 Rb5 28. Rxf7 Bxb6 29. Kg2 a5 30. Re7 axb4 31. axb4 Bd4 32. e3 Bb2 33. h4 Rxb4 34. h5 e4 35. Kh3 Bf6 36. g4 Bxe7 0-1

[Event "Titled Tuesday intern op 09th Nov"]
[Site "Chess.com INT"]
[Date "2021.11.09"]
[Round "8"]
[White "Klimciauskas, Domantas"]
[Black "Kislov, Oleg"]
[Result "0-1"]
[WhiteElo "2150"]
[BlackElo "2249"]
[PlyCount "50"]
[EventDate "2021.11.09"]
[EventType "swiss (blitz)"]
[EventRounds "11"]
[EventCountry "USA"]
[SourceTitle "CBM 205 Extra"]
[Source "ChessBase"]
[SourceDate "2022.01.31"]
[SourceVersion "1"]
[SourceVersionDate "2022.01.31"]
[SourceQuality "1"]

1. c4 e5 2. Nc3 Nf6 3. Nf3 Nc6 4. e3 Bb4 5. Qc2 0-0 6. Nd5 Be7 7. Bd3 h6 8. a3 d6 9. 0-0 Be6 10. Nxe7+ Qxe7 11. b4 Bg4 12. Be4 Nxe4 13. Qxe4 f5 14. Qd5+ Kh8 15. h3 Bxf3 16. Qxf3 e4 17. Qe2 Ne5 18. Bb2 Nd3 19. Bd4 c5 20. bxc5 dxc5 21. Bc3 Qe6 22. f3 Qxc4 23. fxe4 Qxe4 24. Qh5 Kh7 25. Rf3 g6 0-1

[Event "Titled Tuesday intern op 09th Nov"]
[Site "Chess.com INT"]
[Date "2021.11.09"]
[Round "4"]
[White "Vypkhaniuk, Igor"]
[Black "Klimciauskas, Domantas"]
[Result "0-1"]
[WhiteElo "2426"]
[BlackElo "2150"]
[PlyCount "112"]
[EventDate "2021.11.09"]
[EventType "swiss (blitz)"]
[EventRounds "11"]
[EventCountry "USA"]
[SourceTitle "CBM 205 Extra"]
[Source "ChessBase"]
[SourceDate "2022.01.31"]
[SourceVersion "1"]
[SourceVersionDate "2022.01.31"]
[SourceQuality "1"]

1. Nf3 g6 2. d4 Bg7 3. c4 d6 4. Nc3 e5 5. e4 Nc6 6. Be3 Bg4 7. d5 Nd4 8. Be2 Nxe2 9. Qxe2 a6 10. h3 Bxf3 11. Qxf3 h5 12. c5 Bh6 13. 0-0 Kf8 14. b4 Kg7 15. Rfc1 Bxe3 16. Qxe3 f5 17. exf5 gxf5 18. f4 Qf6 19. Rf1 e4 20. Ne2 Nh6 21. Nd4 Rhe8 22. Ne6+ Rxe6 23. dxe6 Qxe6 24. cxd6 cxd6 25. Rac1 Nf7 26. Rc7 Rg8 27. Rfc1 Kh6 28. R1c2 h4 29. Rxb7 Rg3 30. Qa7 Rg7 31. Qe3 Qd5 32. Rbc7 Rg3 33. Qe2 Qd4+ 34. Qf2 Qd5 35. Kh2 Rg7 36. Qxh4+ Kg6 37. Qg5+ Nxg5 38. fxg5 Rxc7 39. Rxc7 e3 40. Re7 f4 41. h4 Qf5 42. a4 Qg4 43. b5 Qxh4+ 44. Kg1 axb5 45. axb5 Qxg5 46. Kh2 Qxe7 47. b6 Qh7+ 48. Kg1 Qb7 49. Kf1 Qxb6 50. g3 Qb5+ 51. Kg2 Qe2+ 52. Kh3 f3 53. Kg4 f2+ 54. Kh4 f1Q 55. g4 Qh1+ 56. Kg3 Qf2# 0-1

[Event "Titled Tuesday intern op 02nd Nov"]
[Site "Chess.com INT"]
[Date "2021.11.02"]
[Round "2"]
[White "Kozionov, Kirill"]
[Black "Klimciauskas, Domantas"]
[Result "1-0"]
[WhiteElo "2450"]
[BlackElo "2150"]
[PlyCount "103"]
[EventDate "2021.11.02"]
[EventType "swiss (blitz)"]
[EventRounds "11"]
[EventCountry "USA"]
[SourceTitle "CBM 205 Extra"]
[Source "ChessBase"]
[SourceDate "2022.01.31"]
[SourceVersion "1"]
[SourceVersionDate "2022.01.31"]
[SourceQuality "1"]

1. b3 e5 2. Bb2 Nc6 3. e3 a6 4. c4 g6 5. Nf3 Bg7 6. d3 d6 7. Nbd2 f5 8. Be2 Nf6 9. 0-0 0-0 10. a3 h5 11. b4 Nh7 12. Ne1 g5 13. Rc1 g4 14. b5 Ne7 15. Nc2 f4 16. exf4 Rxf4 17. Ne4 Rf7 18. a4 Be6 19. d4 Ng6 20. d5 Bf5 21. Ng3 Nf4 22. Nxf5 Rxf5 23. Ne3 Rf7 24. Bd3 Nxd3 25. Qxd3 Qg5 26. Bc3 axb5 27. axb5 Raf8 28. Bd2 h4 29. c5 Qh5 30. Qe2 Nf6 31. b6 cxb6 32. cxd6 Qg6 33. Rc7 g3 34. fxg3 hxg3 35. h3 Ne4 36. Rcxf7 Rxf7 37. Rxf7 Qxf7 38. Ng4 Kf8 39. Qxe4 Ke8 40. Qf3 Qg8 41. Qxg3 e4 42. Nf6+ Kf8 43. Nxg8 Bd4+ 44. Kh2 Kf7 45. Qg4 Be5+ 46. Kh1 e3 47. Qe6+ Kf8 48. Bxe3 Bg7 49. Bh6 Bxh6 50. Nxh6 Kg7 51. Nf5+ Kf8 52. Qe7+ 1-0

[Event "Titled Tuesday intern op 02nd Nov"]
[Site "Chess.com INT"]
[Date "2021.11.02"]
[Round "10"]
[White "Zaichenko, Daria"]
[Black "Klimciauskas, Domantas"]
[Result "0-1"]
[WhiteElo "2104"]
[BlackElo "2150"]
[PlyCount "118"]
[EventDate "2021.11.02"]
[EventType "swiss (blitz)"]
[EventRounds "11"]
[EventCountry "USA"]
[SourceTitle "CBM 205 Extra"]
[Source "ChessBase"]
[SourceDate "2022.01.31"]
[SourceVersion "1"]
[SourceVersionDate "2022.01.31"]
[SourceQuality "1"]

1. e3 g6 2. d4 Bg7 3. c4 d6 4. Nc3 f5 5. f4 Nf6 6. Nf3 0-0 7. Bd3 Qe8 8. Bd2 c6 9. Qb3 Nbd7 10. c5+ Kh8 11. Ng5 dxc5 12. Ne6 cxd4 13. Nxf8 dxc3 14. Nxg6+ Qxg6 15. Bxc3 Nc5 16. Qc4 Nxd3+ 17. Qxd3 Be6 18. 0-0 Bd5 19. Rf2 Rd8 20. Qc2 b5 21. b4 Be4 22. Qb2 Rd3 23. Rd2 Nd5 24. Bd4 Bxd4 25. exd4 Qd6 26. Rxd3 Bxd3 27. g3 Qxb4 28. Qxb4 Nxb4 29. a3 Nd5 30. Rd1 Be4 31. Rc1 Nb6 32. Rc5 Kg7 33. Re5 Kf6 34. g4 a5 35. gxf5 Bxf5 36. Rc5 Be4 37. Re5 Bd5 38. Rh5 b4 39. axb4 axb4 40. Rh6+ Kg7 41. Rh3 b3 42. Rg3+ Kf6 43. Kf2 b2 44. Rg1 Be4 45. Ke3 b1Q 46. Rxb1 Bxb1 47. h4 Bf5 48. Kf3 Nd5 49. Kg3 h5 50. Kg2 Be4+ 51. Kg3 Kf5 52. Kh3 Kxf4 53. Kh2 e5 54. Kh3 exd4 55. Kh2 d3 56. Kh3 d2 57. Kh2 d1Q 58. Kh3 Qf3+ 59. Kh2 Qg2# 0-1

[Event "Titled Tuesday intern op 19th Oct"]
[Site "Chess.com INT"]
[Date "2021.10.19"]
[Round "6"]
[White "Diaz Perez, Michel Alejandro"]
[Black "Klimciauskas, Domantas"]
[Result "0-1"]
[WhiteElo "2459"]
[BlackElo "2150"]
[PlyCount "138"]
[EventDate "2021.10.19"]
[EventType "swiss (blitz)"]
[EventRounds "11"]
[EventCountry "USA"]
[SourceTitle "CBM 204 Extra"]
[Source "ChessBase"]
[SourceDate "2021.11.30"]
[SourceVersion "1"]
[SourceVersionDate "2021.11.30"]
[SourceQuality "1"]

1. d4 g6 2. c4 Bg7 3. Nc3 d6 4. e4 e5 5. dxe5 dxe5 6. Qxd8+ Kxd8 7. Bg5+ f6 8. 0-0-0+ Nd7 9. Be3 c6 10. c5 Bh6 11. Bxh6 Nxh6 12. f3 Kc7 13. b4 a5 14. a3 Nf7 15. Kb2 axb4 16. axb4 b6 17. Bc4 Rf8 18. cxb6+ Nxb6 19. Bb3 Nd6 20. Nge2 Ndc4+ 21. Kb1 Ra3 22. Bxc4 Nxc4 23. Rd3 Rb3+ 24. Kc2 Rxb4 25. Ra1 Rd8 26. Ra7+ Rb7 27. Rxd8 Kxd8 28. Ra8 Ne3+ 29. Kd3 Nxg2 30. Na4 Kc7 31. Nc5 Rb8 32. Ra1 Rb5 33. Rc1 Kd6 34. Na4 Rb4 35. Nc5 Rb5 36. Na4 Ba6 37. Kd2 f5 38. exf5 gxf5 39. Ng3 Ra5 40. Nc3 Ke6 41. Rb1 Bb5 42. Rg1 Nh4 43. Rc1 Nxf3+ 44. Ke3 Nd4 45. Kf2 Bc4 46. h4 Ra3 47. Nce4 Bd5 48. Ng5+ Kf6 49. Rb1 h6 50. Nh7+ Kg6 51. Rb7 Rf3+ 52. Ke1 Rxg3 53. Nf8+ Kh5 54. Rh7 f4 55. Nd7 Kxh4 56. Nf6 Rg6 57. Nxd5 cxd5 58. Kf2 e4 59. Rd7 e3+ 60. Kf1 Nf5 61. Rxd5 Kg4 62. Rd8 Ng3+ 63. Kg2 f3+ 64. Kh2 f2 65. Rf8 f1Q 66. Rxf1 Nxf1+ 67. Kg2 Kf4+ 68. Kxf1 Kf3 69. Ke1 Rg1# 0-1

[Event "Titled Tuesday intern op 12th Oct"]
[Site "Chess.com INT"]
[Date "2021.10.12"]
[Round "3"]
[White "Karas, Marek"]
[Black "Klimciauskas, Domantas"]
[Result "1-0"]
[WhiteElo "2287"]
[BlackElo "2150"]
[PlyCount "61"]
[EventDate "2021.10.12"]
[EventType "swiss (blitz)"]
[EventRounds "11"]
[EventCountry "USA"]
[SourceTitle "EXT 2023"]
[Source "ChessBase"]
[SourceDate "2022.10.05"]
[SourceVersion "1"]
[SourceVersionDate "2022.10.05"]
[SourceQuality "1"]

1. d4 g6 2. Nf3 Bg7 3. c4 d6 4. Nc3 e5 5. e4 Nc6 6. d5 Nd4 7. Be3 Bg4 8. Be2 Nxe2 9. Qxe2 h5 10. h3 Bxf3 11. Qxf3 Bh6 12. 0-0 Bxe3 13. Qxe3 Kf8 14. f4 Kg7 15. f5 Nh6 16. b4 a6 17. c5 Qh4 18. cxd6 cxd6 19. Qb6 Rhd8 20. fxg6 Kxg6 21. Qxb7 Rac8 22. Rf3 Rxc3 23. Rxc3 Qxe4 24. Qb6 Rg8 25. Qxd6+ Kh7 26. Kf2 Qxg2+ 27. Ke1 Qg1+ 28. Kd2 Qxa1 29. Qxe5 Rg2+ 30. Kd3 Qf1+ 31. Kd4 1-0